Rose of rapture

Bibliographic Details
Main Author: Brandewnye, Rebecca
Format: Book
Published: New York : Severn House Publishers , 1991

MARC

LEADER 00000cam a2200000 7i4500
001 0000000610
002 000000701
005 20000330.0
020 |a 0727842447 
090 0 0 |a F   |b BRA 
100 0 |a Brandewnye, Rebecca 
245 1 0 |a Rose of rapture   |c Rebecca Brandewyne 
260 |a New York :   |b Severn House Publishers ,   |c 1991 
300 |a 575 p. ;   |c 24 cm. 
999 |a 030488   |b BUKU   |c FICTION   |e PERPUSTAKAAN KOMUNITI PETALING JAYA